Las razas indígenas de Sonora y la guerra del Yaqui (Record no. 9961)

MARC details
000 -CABECERA
campo de control de longitud fija 00780nam a2200241 a 4500
001 - NÚMERO DE CONTROL
campo de control BRL_1149
005 - FECHA Y HORA DE LA ÚLTIMA TRANSACCIÓN
campo de control 20190320211046.0
008 - DATOS DE LONGITUD FIJA--INFORMACIÓN GENERAL
campo de control de longitud fija 151113s1902----mx-abo####---#000-0#spa-#
041 ## - CÓDIGO DE LENGUA
Código de lengua del texto/banda sonora o título independiente spa
044 ## - CÓDIGO DEL PAÍS DE LA ENTIDAD EDITORA/PRODUCTORA
Código MARC del país mx
050 #4 - SIGNATURA TOPOGRÁFICA DE LA BIBLIOTECA DEL CONGRESO
Número de clasificación F1346
Número de documento/Ítem .H47 1902
100 1# - ENTRADA PRINCIPAL--NOMBRE DE PERSONA
Nombre de persona Hernández, Fortunato
9 (RLIN) 25941
245 10 - MENCIÓN DE TÍTULO
Título Las razas indígenas de Sonora y la guerra del Yaqui
Mención de responsabilidad, etc. por el doctor Fortunato Hernández.
260 ## - PUBLICACIÓN, DISTRIBUCIÓN, ETC.
Lugar de publicación, distribución, etc. México
Nombre del editor, distribuidor, etc. Talleres de la casa editorial ´J. de Elizalde´
Fecha de publicación, distribución, etc. 1902
300 ## - DESCRIPCIÓN FÍSICA
Extensión xix, 295 p.
Otras características físicas il., mapas
Dimensiones 33 cm.
500 ## - NOTA GENERAL
Nota general Au1326
500 ## - NOTA GENERAL
Nota general Incluye vocabulario seri.
500 ## - NOTA GENERAL
Nota general Estado físico: Hojas desprendidas.
650 14 - PUNTO DE ACCESO ADICIONAL DE MATERIA--TÉRMINO DE MATERIA
Término de materia o nombre geográfico como elemento de entrada Indígenas de México
Subdivisión geográfica Sonora
9 (RLIN) 23829
650 14 - PUNTO DE ACCESO ADICIONAL DE MATERIA--TÉRMINO DE MATERIA
Término de materia o nombre geográfico como elemento de entrada Indígenas Yaquis
Subdivisión general Guerras, 1896-190
9 (RLIN) 25942
902 ## - CATALOGADOR
Iniciales GRL
942 ## - ELEMENTOS DE PUNTO DE ACCESO ADICIONAL (KOHA)
Fuente del sistema de clasificación o colocación Library of Congress Classification
Tipo de ítem Koha Libros
Holdings
Estado de retiro Estado de pérdida Estado dañado No para préstamo Localización permanente Ubicación/localización actual Fecha de adquisición Número de inventario Total de préstamos Signatura topográfica completa Código de barras Fecha visto por última vez Precio válido a partir de Tipo de ítem Koha
El ejemplar forma parte de la colección y puede ser consultado según las políticas vigentes.       Biblioteca Centro de Estudios Ruth D. Lechuga Biblioteca Centro de Estudios Ruth D. Lechuga 15/11/2013 Au1326   F1346 .H47 1902 (Au1326) GRL01264 22/03/2019 22/03/2019 Libros